Sports Quiz

Random Sports or NFL Quiz

Cleveland Browns Postseason Games Quiz Stats

 Plays Quiz not verified by Sporcle

Also try: NFL Closest Team
Challenge
Share
Tweet
Embed
Score 0/36 Timer 06:00
0 Plays Today
% Correct
Denver Broncos
60%
Denver Broncos
53.3%
Denver Broncos
53.3%
Pittsburgh Steelers
53.3%
Baltimore Colts
50%
Los Angeles Rams
46.7%
Detroit Lions
46.7%
Green Bay Packers
46.7%
Minnesota Vikings
46.7%
Baltimore Colts
43.3%
Miami Dolphins
43.3%
Pittsburgh Steelers
43.3%
Buffalo Bills
40%
New York Giants
40%
Baltimore Colts
40%
Dallas Cowboys
40%
Dallas Cowboys
40%
Miami Dolphins
40%
% Correct
Oakland Raiders
40%
New York Yankees
36.7%
San Francisco 49ers
36.7%
Detroit Lions
36.7%
Detroit Lions
36.7%
Buffalo Bills
36.7%
New England Patriots
36.7%
Los Angeles Rams
33.3%
Detroit Lions
33.3%
Dallas Cowboys
33.3%
Los Angeles Raiders
33.3%
New York Jets
33.3%
Houston Oilers
33.3%
New York Giants
30%
New York Yankees
26.7%
Los Angeles Rams
26.7%
Indianapolis Colts
26.7%
Buffalo Bills
20%

You're not logged in!

Compare scores with friends on all Sporcle quizzes.
Join for Free
OR
Log In

You Might Also Like...

Show Comments

Extras

Top Quizzes Today


Score Distribution

Your Account Isn't Verified!

In order to create a playlist on Sporcle, you need to verify the email address you used during registration. Go to your Sporcle Settings to finish the process.

Report this User

Report this user for behavior that violates our Community Guidelines.

Details: